Czy znasz wszystkie miejscowości w gminie Dobrzyniewo Duże? - Statystyki

Ogólne statystyki
  • Ten quiz został rozwiązany 30 razy
  • Średni wynik to 10 z 26
Statystyki odpowiedzi
Miejscowość % Poprawnych
Dobrzyniewo Duże
94%
Dobrzyniewo Kościelne
61%
Dobrzyniewo Fabryczne
56%
Bohdan
44%
Borsukówka
44%
Nowe Aleksandrowo
44%
Fasty
39%
Gniła
39%
Krynice
39%
Leńce
39%
Podleńce
39%
Chraboły
33%
Jaworówka
33%
Letniki
33%
Obrubniki
33%
Kozińce
28%
Kulikówka
28%
Ogrodniki
28%
Pogorzałki
28%
Ponikła
28%
Rybaki
28%
Szaciły
28%
Zalesie
28%
Kobuzie
22%
Kopisk
22%
Nowosiółki
22%
Nie znaleziono quizów pasujących do podanych kryteriów
Rozkład punktacji
Procent ludzi z każdym wynikiem
Percentyl według liczby udzielonych odpowiedzi
Twoja historia wyników
Nie rozwiązałeś tego quizu